000 00787cam a2200301 4500500
005 20260405003458.0
041 _afre
042 _adc
100 1 0 _aTenaillon, Nicolas
_eauthor
245 0 0 _aY a-t-il des guerres justes ?
260 _c2022.
500 _a3
690 _aConflit
690 _aDiplomatie
690 _aDroit
690 _aDroit de la guerre
690 _aGrotius
690 _aGuerre
690 _aHegel
690 _aJustice
690 _aMorale
690 _aPouvoir
690 _aProgrès
690 _aRuwen Ogien
690 _aViolence
786 0 _nPhilosophie magazine | 157 | 3 | 2022-03-01 | p. 49-49 | 1951-1787
856 4 1 _uhttps://shs.cairn.info/magazine-philosophie-magazine-2022-3-page-49?lang=fr&redirect-ssocas=7080
999 _c2067935
_d2067935